Estudios de derecho penal econm̤ico

Detalles Bibliográficos
Autor principal: Cesano, Jos ̌Daniel
Formato: eBook
Lenguaje:español
Publicado: Cr̤doba: Alveroni, 2008
Materias:
Acceso en línea:Acceso restringido

MARC

LEADER 00000nam a22000007a 4500
005 20140325232523.0
007 cr|||| ||||
008 140325s2008 AR |||||s|||| 00||0 spa d
035 |a 11855 
040 |a vLex 
090 |c 4737  |d 4737 
100 |a Cesano, Jos ̌Daniel 
245 1 0 |a Estudios de derecho penal econm̤ico  |h [Recurso electrn̤ico] /  |c Jos ̌Daniel Cesano  
256 |a servicio en ln̕ea 
260 |a Cr̤doba:  |b Alveroni,  |c 2008 
300 |a 1 recurso electrn̤ico 
506 1 |a Disponible solo en los productos indicados  |d vLex Global   |d vLex Global (Academic Edition, excluding Law Schools)  |d vLex Global (U.S. Academic Edition, Law Schools)  |d vLex Global (U.S. Academic Edition, excluding Law Schools)  |d vLex Global (Academic Edition, Law Schools) 
650 0 4 |a Derecho Penal  |z Argentina 
740 0 |a vLex Libros (Servicio en ln̕ea) 
856 4 0 |u http://vlex.com/source/estudios-derecho-penal-economico-11855  |z Acceso restringido 
942 |c BOOK 
999 0 |a Criminal Law